Modulárny plánovací diár
Saved in:
| Main Author: | |
|---|---|
| Other Authors: | |
| Format: | Manuscript Book |
| Language: | Slovak |
| Published: |
Bratislava
2018
|
| Subjects: | |
| Online Access: | http://is.stuba.sk/zp/portal_zp.pl?podrobnosti=133781 |
| Tags: |
No Tags, Be the first to tag this record!
|
MARC
| LEADER | 00000ntm a22000003a 4500 | ||
|---|---|---|---|
| 001 | stuzp70671 | ||
| 003 | SK-STU | ||
| 005 | 20210129103348.9 | ||
| 007 | ta | ||
| 008 | 150427s2015----xo-----f-mn---000-0-slo-d | ||
| 040 | |a STU |b slo | ||
| 041 | 0 | |a slo | |
| 100 | 1 | |a Podolský, Peter |u 059190 |4 aut |U FAD Fakulta architektúry |T FA Ústav dizajnu |X 77194 |U A9190 |Y 400 |7 77194 | |
| 242 | 0 | 1 | |a Modular diary |y eng |
| 245 | 1 | 0 | |a Modulárny plánovací diár |
| 260 | |c 2018 |a Bratislava | ||
| 650 | 4 | |a papier |2 slo | |
| 650 | 4 | |a modularita |2 slo | |
| 650 | 4 | |a diár |2 slo | |
| 650 | 4 | |a paper |2 eng | |
| 650 | 4 | |a modul |2 eng | |
| 650 | 4 | |a diary |2 eng | |
| 700 | 1 | |a Lipková, Michala |u 059190 |k Z1 |4 ths |U FAD Fakulta architektúry |T FA Ústav dizajnu |X 15371 |U A9190 |Y 400 |7 A000015371 | |
| 856 | 4 | |u http://is.stuba.sk/zp/portal_zp.pl?podrobnosti=133781 |u https://opac.crzp.sk/?fn=detailBiblioForm&sid=233ADDCA5EB56A1008E93B31D49A | |